[Event "AUTO-ADV-4649"]
[Site "http://www.queenalice.com/game.php?id=1798187"]
[Date "2022.10.16"]
[Round "1"]
[White "SamuraiJOM"]
[Black "juliobragatecbr"]
[Result "0-1"]
[WhiteElo "1787"]
[BlackElo "1926"]

1. e4 e5 2. Nf3 Nc6 3. Bc4 d6 4. a4 a6 5. c3 Nf6 6. d3 Be7 7. d4 exd4 8. cxd4
O-O 9. d5 Ne5 10. Nbd2 Bg4 11. h3 Bh5 12. b3 Bxf3 13. gxf3 c6 14. Qe2 cxd5 15.
Bxd5 Nxd5 16. exd5 Re8 17. f4 Ng6 18. O-O Nxf4 19. Qf3 Bg5 20. Ne4 Nxh3+ 21.
Qxh3 Rxe4 22. Qf5 Re5 23. Qf3 Bxc1 24. Rfxc1 Qg5+ 25. Kf1 Rxd5 26. Rd1 Rxd1+ 27.
Rxd1 Rb8 28. Rxd6 Rc8 29. Qg3 Qxg3 30. fxg3 g6 31. a5 Rc5 32. Rd7 Rb5 33. Kf2
Rxb3 34. g4 Rb5 35. Kf3 Rxa5 36. Rxb7 Rb5 37. Ra7 a5 38. Ra8+ Kg7 39. Kg3 h5 40.
Kh4 hxg4 41. Kxg4 Rb4+ 42. Kf3 a4 43. Ra7 Rb3+ 44. Ke2 a3 45. Kd2 Rh3 46. Kc2 a2
47. Kb2 Rh2+ 48. Ka1 g5 49. Ra4 f5 50. Ra7+ Kf6 51. Ra6+ Ke5 52. Ra5+ Kf4 53.
Ra4+ Kg3 54. Ra3+ Kg4 55. Rxa2 Rxa2+ 56. Kxa2 f4 57. Kb2 Kf3 58. Kc2 Ke2 59. Kc3
f3 60. Kd4 g4 61. Ke4 g3 62. Kf4 g2 63. Kg3 g1=Q+ 0-1

[Event "AUTO-ADV-4650"]
[Site "http://www.queenalice.com/game.php?id=1798380"]
[Date "2022.10.21"]
[Round "1"]
[White "ChessColossos"]
[Black "juliobragatecbr"]
[Result "0-1"]
[WhiteElo "1748"]
[BlackElo "1972"]

1. e4 e5 2. Nc3 Nf6 3. f4 exf4 4. d4 Bb4 5. e5 Qe7 6. Ne2 Nd5 7. h4 Nxc3 8. bxc3
Ba5 9. a4 d6 10. Bxf4 dxe5 11. Bxe5 Bg4 12. Qd3 O-O 13. h5 Nc6 14. Bg3 Rfe8 15.
Rh4 Bxe2 16. Bxe2 Bxc3+ 17. Qxc3 Qxe2# 0-1

[Event "AUTO-ADV-4650"]
[Site "http://www.queenalice.com/game.php?id=1798381"]
[Date "2022.10.21"]
[Round "1"]
[White "juliobragatecbr"]
[Black "ChessColossos"]
[Result "1-0"]
[WhiteElo "1981"]
[BlackElo "1705"]

1. e4 e5 2. Nf3 Nc6 3. d4 exd4 4. Nxd4 Nxd4 5. Qxd4 Qe7 6. Bd3 Qb4+ 7. c3 Qxd4
8. cxd4 d6 9. Nc3 c6 10. O-O Be7 11. Be3 Nf6 12. h3 O-O 13. f4 Re8 14. e5 dxe5
15. fxe5 Nd5 16. Nxd5 cxd5 17. b3 Be6 18. Bb5 Rec8 19. Rac1 a6 20. Be2 Ba3 21.
Rxc8+ Rxc8 22. Rf2 Rc2 23. Bg4 Rxf2 24. Bxf2 Bxg4 25. hxg4 f6 26. exf6 gxf6 27.
Be3 b5 28. Kf2 Kf7 29. Kf3 Bd6 30. g3 Kg6 31. Kg2 f5 32. gxf5+ Kxf5 33. Kf3 h5
34. Bd2 Bc7 35. a4 Bb6 36. Bc3 1-0

[Event "AUTO-ADV-4650"]
[Site "http://www.queenalice.com/game.php?id=1798392"]
[Date "2022.10.21"]
[Round "1"]
[White "juim"]
[Black "juliobragatecbr"]
[Result "0-1"]
[WhiteElo "1535"]
[BlackElo "1977"]

1. e4 e5 2. d4 exd4 3. Qxd4 Nc6 4. Qd1 Nf6 5. Bd3 Bc5 6. Bg5 h6 7. Bh4 d6 8. Nc3
g5 9. Bg3 Be6 10. Nge2 Qd7 11. O-O O-O-O 12. Nb5 Kb8 13. a4 a6 14. Nbc3 Nd4 15.
Nxd4 Bxd4 16. Bxa6 Bxc3 17. bxc3 bxa6 18. Qd3 Qc6 19. f4 Bc4 20. Qd1 Bxf1 21.
Qxf1 gxf4 22. Bxf4 Nxe4 23. Rd1 Nxc3 24. Rd4 Nxa4 25. Qa1 Rhg8 26. Bg3 Nc3 27.
Qf1 Rge8 28. Rc4 Qb6+ 29. Bf2 Ne2+ 30. Kh1 Qb5 31. Ba7+ Kxa7 32. Rxc7+ Kb8 33.
Rxf7 Rd7 34. Rf2 Rde7 35. c4 Qxc4 36. g3 Nxg3+ 37. hxg3 Re1 0-1

[Event "AUTO-ADV-4650"]
[Site "http://www.queenalice.com/game.php?id=1798393"]
[Date "2022.10.21"]
[Round "1"]
[White "juliobragatecbr"]
[Black "juim"]
[Result "1-0"]
[WhiteElo "1979"]
[BlackElo "1533"]

1. e4 d5 2. e5 e6 3. d4 Bb4+ 4. Bd2 Bxd2+ 5. Nxd2 Ne7 6. Ngf3 O-O 7. c4 dxc4 8.
Nxc4 Nf5 9. Bd3 Nc6 10. Bxf5 exf5 11. O-O a5 12. a4 Be6 13. Ne3 Nb4 14. Qd2 Bc4
15. Nxc4 b6 16. b3 Qd5 17. Rfc1 f6 18. Qf4 Nd3 19. Ne3 Qe4 20. Qxe4 fxe4 21. Nd2
Nxc1 22. Rxc1 f5 23. f3 f4 24. Nd5 e3 25. Nc4 Rad8 26. Nxc7 Rf7 27. Ne6 Re8 28.
d5 h6 29. Nxb6 Rf5 30. Kf1 Rxe5 31. Nc7 R8e7 32. d6 R7e6 33. Nxe6 Rxe6 34. d7
Rd6 35. Rc8+ Kf7 36. d8=Q Rxd8 37. Rxd8 1-0

[Event "AUTO-ADV-4650"]
[Site "http://www.queenalice.com/game.php?id=1798400"]
[Date "2022.10.21"]
[Round "1"]
[White "juliobragatecbr"]
[Black "jenyasm"]
[Result "1-0"]
[WhiteElo "1984"]
[BlackElo "1833"]

1. e4 e5 2. Nf3 Nc6 3. Bc4 h6 4. Nc3 d6 5. d3 Nf6 6. Be3 a6 7. Qd2 b5 8. Bd5 Bb7
9. Bxc6+ Bxc6 10. O-O Ng4 11. h3 Nxe3 12. fxe3 Be7 13. d4 Bf6 14. Nd5 Bxd5 15.
exd5 exd4 16. Nxd4 O-O 17. c3 Qe8 18. Rae1 Bh4 19. Re2 Rc8 20. Nc6 Bg5 21. Qd3
Qe5 22. Nxe5 1-0

[Event "AUTO-ADV-4650"]
[Site "http://www.queenalice.com/game.php?id=1798401"]
[Date "2022.10.21"]
[Round "1"]
[White "jenyasm"]
[Black "juliobragatecbr"]
[Result "1-0"]
[WhiteElo "1779"]
[BlackElo "1979"]

1. e4 e5 2. Nf3 Nc6 3. Bb5 d6 4. Bxc6+ bxc6 5. d3 Bg4 6. h3 Bh5 7. Be3 Qf6 8.
Nbd2 Ne7 9. g4 Bg6 10. Qe2 d5 11. h4 h6 12. O-O-O d4 13. g5 hxg5 14. hxg5 Qd6
15. Rxh8 f5 16. Nc4 Qc5 17. Bd2 fxe4 18. dxe4 O-O-O 19. b3 a6 20. Rhh1 Bf7 21.
a4 Ng6 22. Rhg1 Bxc4 23. Qxc4 Qxc4 24. bxc4 Ba3+ 25. Kb1 c5 26. a5 Rf8 27. Rg3
Kd7 28. Ka2 Bb4 29. Bxb4 cxb4 30. Rb1 c5 31. Kb3 Nf4 32. Nxe5+ Ke6 33. Nd3 Nxd3
34. cxd3 Rxf2 35. Rb2 Rf1 36. g6 Ra1 37. Rg5 Rxa5 38. Ra2 Rxa2 39. Kxa2 Kf6 40.
Rxc5 Kxg6 41. Rd5 Kf6 42. c5 g5 43. c6 g4 44. c7 g3 45. c8=Q g2 46. Qg8 1-0

[Event "AUTO-ADV-4651"]
[Site "http://www.queenalice.com/game.php?id=1798534"]
[Date "2022.10.24"]
[Round "1"]
[White "ARRMA"]
[Black "juliobragatecbr"]
[Result "1-0"]
[WhiteElo "2103"]
[BlackElo "1952"]

1. c4 e5 2. Nc3 Nf6 3. g3 d5 4. cxd5 Nxd5 5. Bg2 Be6 6. Nf3 Be7 7. Nxe5 Bf6 8.
Nd3 O-O 9. O-O c6 10. Nc5 Nxc3 11. bxc3 Qc7 12. Nxe6 fxe6 13. Qb3 Re8 14. Rb1 b6
15. Ba3 Nd7 16. d4 Rab8 17. Qc4 c5 18. dxc5 bxc5 19. Rxb8 Qxb8 20. Rd1 Qc7 21.
Qb5 Rd8 22. Bc6 Rb8 23. Rxd7 Qb6 24. Qxb6 axb6 25. Bb2 Rc8 26. Bb7 Rd8 27. Rxd8+
Bxd8 28. c4 g6 29. Be5 Kf7 30. e4 Ke7 31. f4 Kd7 32. Kf2 Bc7 33. Bxc7 Kxc7 34.
Ba6 Kd6 35. g4 h6 36. Ke3 g5 37. e5+ Ke7 38. f5 exf5 39. gxf5 1-0

[Event "AUTO-ADV-4651"]
[Site "http://www.queenalice.com/game.php?id=1798535"]
[Date "2022.10.24"]
[Round "1"]
[White "juliobragatecbr"]
[Black "ARRMA"]
[Result "0-1"]
[WhiteElo "1905"]
[BlackElo "2070"]

1. e4 c5 2. Nf3 Nc6 3. d4 cxd4 4. Nxd4 g6 5. Nxc6 bxc6 6. Bc4 Bg7 7. O-O a5 8.
Qf3 e6 9. Re1 Ne7 10. e5 O-O 11. Bf4 Nd5 12. Bxd5 exd5 13. c3 Qb6 14. b3 f6 15.
exf6 Rxf6 16. Re8+ Kf7 17. Re2 Ba6 18. Rd2 Kg8 19. Qe3 Qxe3 20. Bxe3 Re6 21. g3
Rae8 22. Bd4 Re1+ 23. Kg2 Bf1+ 24. Kf3 Bh6 25. Be3 Bxe3 26. fxe3 R8xe3+ 27. Kf2
Bh3 28. a4 Bf5 29. Rda2 Kf7 30. Na3 Rxa1 31. Rxa1 Rxc3 32. Ra2 Rxb3 33. Nc2 Rd3
34. Ne3 Ke6 35. Nxf5 gxf5 36. Ke2 Rb3 37. Kd2 d4 38. Kc2 Rf3 39. Kd1 d3 40. Ra3
c5 41. Kd2 c4 42. Rc3 d5 43. Ke1 d2+ 44. Kxd2 Rxc3 45. Kxc3 Ke5 46. Kd2 Kd4 47.
Kc2 Ke3 48. Kc3 Kf3 49. Kd4 Kg2 50. Kxd5 c3 0-1

[Event "AUTO-ADV-4651"]
[Site "http://www.queenalice.com/game.php?id=1798550"]
[Date "2022.10.24"]
[Round "1"]
[White "BeatifulDevil56"]
[Black "juliobragatecbr"]
[Result "0-1"]
[WhiteElo "1901"]
[BlackElo "1929"]

1. d4 d5 2. Nf3 Nc6 3. Bf4 Bg4 4. Nbd2 e6 5. e3 Bd6 6. Bxd6 Qxd6 7. Bb5 Ne7 8.
c3 a6 9. Bxc6+ Nxc6 10. Qc2 O-O-O 11. h3 Bf5 12. Qa4 e5 13. dxe5 Nxe5 14. Nxe5
Qxe5 15. Qd4 f6 16. Nf3 Qe4 17. Qxe4 Bxe4 18. Ke2 f5 19. Rhg1 g6 20. g4 Rhf8 21.
Nd4 Rde8 22. gxf5 Bxf5 23. Nxf5 Rxf5 24. Rad1 c6 25. Kd3 Rxf2 26. Rd2 Rxd2+ 27.
Kxd2 Re7 28. Rf1 Kd8 29. Rf8+ Kd7 30. Kd3 Kd6 31. Rf3 b6 32. h4 Re4 33. Rf4 Rxf4
34. exf4 Ke6 35. Ke3 Kf5 36. Kf3 h6 37. b3 g5 38. fxg5 hxg5 39. hxg5 Kxg5 0-1

[Event "AUTO-ADV-4651"]
[Site "http://www.queenalice.com/game.php?id=1798551"]
[Date "2022.10.24"]
[Round "1"]
[White "juliobragatecbr"]
[Black "BeatifulDevil56"]
[Result "1/2-1/2"]
[WhiteElo "1992"]
[BlackElo "1867"]

1. e4 e5 2. Nf3 d6 3. Bc4 Bg4 4. Nc3 Nf6 5. d3 Nc6 6. h3 Bxf3 7. Qxf3 Nd4 8. Qd1
c6 9. Be3 c5 10. Bg5 Be7 11. Bxf6 Bxf6 12. Nd5 O-O 13. c3 Nc6 14. O-O Na5 15.
Qf3 Nxc4 16. Nxf6+ gxf6 17. dxc4 Qe7 18. b4 b6 19. Rfd1 Qe6 20. Qg4+ Qxg4 21.
hxg4 Rfd8 22. Rd3 Rd7 23. bxc5 bxc5 24. Rad1 Rad8 25. g3 a5 26. f4 Kg7 27. f5
Kh6 28. Kg2 Kg5 29. Kh3 1/2-1/2

[Event "AUTO-ADV-4651"]
[Site "http://www.queenalice.com/game.php?id=1798560"]
[Date "2022.10.24"]
[Round "1"]
[White "Numberzero"]
[Black "juliobragatecbr"]
[Result "0-1"]
[WhiteElo "1764"]
[BlackElo "1969"]

1. e4 e5 2. f4 d6 3. d3 Nf6 4. Be2 Nc6 5. c4 exf4 6. Bxf4 Nd4 7. Nc3 h5 8. Nf3
Bg4 9. Nxd4 c5 10. Nf3 Be7 11. h3 Bxf3 12. Bxf3 g6 13. Qa4+ Qd7 14. Qxd7+ Nxd7
15. O-O-O O-O-O 16. Nd5 Rhe8 17. Nxe7+ Rxe7 18. Bxd6 Re6 19. Bg3 Ne5 20. Bxe5
Rxe5 21. g4 hxg4 22. hxg4 f5 23. Rh6 fxe4 24. Bxe4 g5 25. Bf5+ Kb8 26. Rg6 a6
27. Rxg5 b5 28. Rg7 Re2 29. cxb5 axb5 30. Rd7 Rh8 31. Rh7 Rxh7 32. Bxh7 Rh2 0-1

[Event "AUTO-ADV-4651"]
[Site "http://www.queenalice.com/game.php?id=1798561"]
[Date "2022.10.24"]
[Round "1"]
[White "juliobragatecbr"]
[Black "Numberzero"]
[Result "1-0"]
[WhiteElo "1961"]
[BlackElo "1772"]

1. e4 e5 2. Nf3 Nc6 3. d4 exd4 4. Nxd4 Nxd4 5. Qxd4 c5 6. Qc4 a6 7. Be3 b5 8.
Qd5 Rb8 9. Bxc5 Bxc5 10. Qxc5 Qe7 11. Qxe7+ Nxe7 12. Bd3 Bb7 13. O-O O-O 14. Nd2
Nc6 15. Nf3 Rfe8 16. Rfe1 Nb4 17. a3 Nc6 18. e5 Re7 19. Ng5 h6 20. Nf3 Rbe8 21.
c4 bxc4 22. Bxc4 Nxe5 23. Nxe5 Rxe5 24. Rxe5 Rxe5 25. Kf1 d5 26. Be2 Kf8 27. Bf3
f6 28. Rd1 Ke7 29. Re1 Rxe1+ 30. Kxe1 Kd6 31. Kd2 Bc6 32. Be2 a5 33. g3 Kc5 34.
Kc3 d4+ 35. Kd2 g5 36. Kd3 Bb5+ 37. Kd2 1-0

[Event "AUTO-ADV-4647"]
[Site "http://www.queenalice.com/game.php?id=1801436"]
[Date "2022.12.7"]
[Round "2"]
[White "darthvedder72"]
[Black "juliobragatecbr"]
[Result "1-0"]
[WhiteElo "1895"]
[BlackElo "1991"]

1. d4 d5 2. c4 c6 3. Nc3 Bf5 4. cxd5 cxd5 5. Nf3 Nf6 6. Bg5 e6 7. e3 h6 8. Bh4
Nbd7 9. Bb5 a6 10. Ba4 b5 11. Bb3 Be7 12. O-O O-O 13. Rc1 Bg4 14. h3 Bh5 15. g4
Bg6 16. Ne5 Nxe5 17. dxe5 Nd7 18. Bxe7 Qxe7 19. f4 f6 20. f5 exf5 21. gxf5 Bh7
22. e6 Nb6 23. Nxd5 Nxd5 24. Qxd5 Rfd8 25. Qf3 a5 26. Rfd1 a4 27. Bc2 Rxd1+ 28.
Bxd1 Rb8 29. Qf4 Ra8 30. Rc7 Qe8 31. Bf3 Rc8 32. Bd5 Rxc7 33. Qxc7 Bxf5 34. e7+
Kh8 35. Qd8 Bd7 36. Be6 Bc6 37. Bf7 1-0

[Event "AUTO-ADV-4647"]
[Site "http://www.queenalice.com/game.php?id=1801437"]
[Date "2022.12.7"]
[Round "2"]
[White "juliobragatecbr"]
[Black "darthvedder72"]
[Result "0-1"]
[WhiteElo "1966"]
[BlackElo "2025"]

1. e4 c5 2. Nf3 d6 3. Bc4 Nc6 4. Ng5 e6 5. d3 Be7 6. O-O Bxg5 7. Nd2 Nf6 8. Nf3
O-O 9. Bxg5 a6 10. a4 b6 11. d4 h6 12. Bh4 g5 13. Bg3 Nxe4 14. dxc5 Nxg3 15.
fxg3 bxc5 16. c3 f5 17. Re1 d5 18. Bd3 Qd6 19. Qe2 Re8 20. Ne5 Nxe5 21. Qxe5
Qxe5 22. Rxe5 Kf7 23. Rae1 Bd7 24. c4 d4 25. b3 Kf6 26. Rxc5 e5 27. Ra5 e4 28.
Rd5 Be6 29. Rxd4 exd3 30. Rxd3 Rad8 31. Rxd8 Rxd8 32. Re3 Rd1+ 33. Kf2 Rd2+ 34.
Kf1 Rd4 35. Rf3 Bd7 36. h3 f4 37. gxf4 Rxf4 38. Rxf4+ gxf4 39. Kf2 h5 40. Kf3
Ke5 41. h4 Bg4+ 42. Kf2 Kd4 43. g3 f3 44. a5 Kc5 45. Ke3 Kb4 46. Kf2 Kxa5 47. c5
Kb5 48. b4 Kxb4 49. c6 a5 50. c7 a4 51. c8=Q Bxc8 52. Kxf3 a3 0-1

[Event "AUTO-ADV-4650"]
[Site "http://www.queenalice.com/game.php?id=1803703"]
[Date "2023.1.10"]
[Round "2"]
[White "Zeca1955"]
[Black "juliobragatecbr"]
[Result "1-0"]
[WhiteElo "2007"]
[BlackElo "1942"]

1. e4 e5 2. Nf3 Nc6 3. Bb5 d6 4. O-O Bd7 5. Nc3 Nf6 6. h3 Be7 7. d4 exd4 8. Nxd4
Nxd4 9. Qxd4 O-O 10. Bd2 Qe8 11. a4 c6 12. Bd3 b6 13. Rfe1 Be6 14. e5 dxe5 15.
Rxe5 Rd8 16. Qe3 Bc5 17. Qe2 Nd7 18. Re4 Nf6 19. Rh4 Qd7 20. Bg5 Be7 21. Rd1 h6
22. Bxf6 Kh8 23. Rxh6+ Kg8 24. Bh7+ 1-0

[Event "AUTO-ADV-4650"]
[Site "http://www.queenalice.com/game.php?id=1803704"]
[Date "2023.1.10"]
[Round "2"]
[White "juliobragatecbr"]
[Black "Zeca1955"]
[Result "1-0"]
[WhiteElo "1896"]
[BlackElo "1993"]

1. e4 e5 2. Nf3 d6 3. Bc4 h6 4. Nc3 c6 5. d3 Nf6 6. Be3 Bg4 7. h3 Bxf3 8. Qxf3
Nbd7 9. O-O Be7 10. d4 c5 11. d5 Nb6 12. Bb5+ Nbd7 13. Ba4 O-O 14. a3 a6 15. Qg3
Kh7 16. f3 Nh5 17. Qe1 f5 18. exf5 Rxf5 19. g4 Bh4 20. Bf2 Bxf2+ 21. Rxf2 Rg5
22. Ne4 Rg6 23. c4 Nb6 24. Bb3 Nf4 25. Qf1 Qh4 26. Kh2 Nd7 27. Bc2 Kg8 28. Ng3
Rg5 29. Nf5 Qxh3+ 30. Qxh3 Nxh3 31. Kxh3 Kh8 32. Nxd6 Rf8 33. b3 b6 34. Bf5 Nf6
35. Ne4 Nxe4 36. Bxe4 h5 37. Rg2 Rf6 38. Kh4 1-0

[Event "AUTO-ADV-4650"]
[Site "http://www.queenalice.com/game.php?id=1803705"]
[Date "2023.1.10"]
[Round "2"]
[White "Lucasbarbaruiva"]
[Black "juliobragatecbr"]
[Result "1-0"]
[WhiteElo "1860"]
[BlackElo "1924"]

1. e4 e5 2. d3 Nf6 3. Bg5 Nc6 4. g3 Be7 5. Nc3 h6 6. Bxf6 Bxf6 7. Bh3 d6 8. Bxc8
Qxc8 9. Nge2 O-O 10. a3 a6 11. O-O Ne7 12. f4 exf4 13. Nxf4 Bxc3 14. bxc3 Ng6
15. Nxg6 fxg6 16. Rxf8+ Qxf8 17. Qf1 Qf6 18. Qxf6 gxf6 19. Rb1 b5 20. c4 c6 21.
cxb5 axb5 22. Rb3 Kf7 23. c4 bxc4 24. dxc4 Ke6 25. Kf2 d5 26. exd5+ 1-0

[Event "AUTO-ADV-4650"]
[Site "http://www.queenalice.com/game.php?id=1803706"]
[Date "2023.1.10"]
[Round "2"]
[White "juliobragatecbr"]
[Black "Lucasbarbaruiva"]
[Result "0-1"]
[WhiteElo "1944"]
[BlackElo "1840"]

1. e4 e5 2. Nf3 d6 3. Bc4 Be6 4. Bxe6 fxe6 5. Nc3 Nf6 6. O-O Nc6 7. d4 exd4 8.
Nxd4 Nxd4 9. Be3 c5 10. Bxd4 cxd4 11. Qxd4 Be7 12. Rfd1 O-O 13. f3 Qb6 14. Qxb6
axb6 15. Nb5 d5 16. exd5 exd5 17. Nc7 Rac8 18. Nxd5 Bc5+ 19. Kh1 Nxd5 20. Rxd5
Rf4 21. Rad1 Rf6 22. Rd8+ Rxd8 23. Rxd8+ Kf7 24. Rd7+ Kg6 25. Rxb7 Re6 0-1

[Event "Challenge"]
[Site "http://www.queenalice.com/game.php?id=1835957"]
[Date "2024.4.30"]
[Round "-"]
[White "jogo"]
[Black "juliobragatecbr"]
[Result "1-0"]
[WhiteElo "1807"]
[BlackElo "1936"]

1. e4 e5 2. Nc3 Nf6 3. f4 exf4 4. e5 Qe7 5. Qe2 Nh5 6. Qxh5 d6 7. d4 dxe5 8.
Qxe5 Qxe5+ 9. dxe5 Bb4 10. Bxf4 Bxc3+ 11. bxc3 O-O 12. O-O-O Be6 13. h3 Nc6 14.
Nf3 Na5 15. Kb1 Bc4 16. Kb2 Bxf1 17. Rhxf1 f6 18. exf6 Rxf6 19. Bxc7 b6 20. Nd4
1-0

[Event "Challenge"]
[Site "http://www.queenalice.com/game.php?id=1835958"]
[Date "2024.4.30"]
[Round "-"]
[White "juliobragatecbr"]
[Black "jogo"]
[Result "0-1"]
[WhiteElo "1915"]
[BlackElo "1828"]

1. e4 e5 2. Nf3 Nf6 3. Nxe5 d6 4. Nf3 Nxe4 5. Qe2 Qe7 6. d3 Nf6 7. Qxe7+ Bxe7 8.
Be2 O-O 9. Nc3 h6 10. Be3 c5 11. O-O d5 12. d4 c4 13. a3 Bf5 14. Rfc1 Nc6 15. b3
cxb3 16. cxb3 g5 17. Ne5 Rfd8 18. Nb5 a6 0-1